000 00312nam a22001457a 4500
008 210305b ||||| |||| 00| 0 eng d
020 _a0829902100
041 _aeng
080 _a573
082 _2573
100 _a11
101 _aBIO
245 _aBiology ,Today and Tomorrow
_cWard,A.J
942 _2udc
_cBK
999 _c55781
_d55781